| 000 | 00514nam a22001937a 4500 | ||
|---|---|---|---|
| 005 | 20251003155344.0 | ||
| 008 | 251003b |||||||| |||| 00| 0 eng d | ||
| 020 | _a0-205-30008-1 | ||
| 050 |
_aLC 3981 .S65 1998 _bC.1 |
||
| 100 | _aSMITH,DEBORAH DEUTSCH | ||
| 245 | _aINTRODUCTION TO SPECIAL EDUCATION | ||
| 250 | _aTHIRD | ||
| 260 |
_aBOSTON _bALLYN AND BACON _c1998 |
||
| 300 | _a640P | ||
| 500 | _aINCLUDES INDEX | ||
| 650 | _aSpecial education | ||
| 700 | _aSMITH, DEBORAH DEUTSCH | ||
| 942 |
_2lcc _cBK |
||
| 999 |
_c216133 _d216133 |
||